000 00453nam a2200169Ia 4500
999 _c30272
_d30272
003 OSt
005 20250716163031.0
008 250310s9999||||xx |||||||||||||| ||und||
040 _c.
082 _a509
_bM927
100 _96182
_aMoulton, Forest Ray
245 0 _aThe autobiography of science /
_cForest Ray Moulton
260 _aLondon :
_bJohn Murray,
_c1963.
300 _axxxiii, 748 p.
700 _96183
_aSchifferes, Justus J.
942 _cBK
_2ddc